<?xml version="1.0" encoding="UTF-8"?>
<record
    xmlns:xsi="http://www.w3.org/2001/XMLSchema-instance"
    xsi:schemaLocation="http://www.loc.gov/MARC21/slim http://www.loc.gov/standards/marcxml/schema/MARC21slim.xsd"
    xmlns="http://www.loc.gov/MARC21/slim">

  <leader>01014na  a2200277   4500</leader>
  <controlfield tag="001">23808</controlfield>
  <controlfield tag="003">MIRAKIL</controlfield>
  <controlfield tag="005">20181213155318.0</controlfield>
  <controlfield tag="008">171227b        tu            000 0      </controlfield>
  <datafield tag="040" ind1=" " ind2=" ">
    <subfield code="a">Milas</subfield>
    <subfield code="b">tur</subfield>
    <subfield code="c">TR-AnCHP</subfield>
  </datafield>
  <datafield tag="041" ind1=" " ind2=" ">
    <subfield code="a">tur</subfield>
  </datafield>
  <datafield tag="082" ind1=" " ind2=" ">
    <subfield code="a">328.0609561</subfield>
    <subfield code="b">T96 2002</subfield>
  </datafield>
  <datafield tag="090" ind1=" " ind2=" ">
    <subfield code="a">328.0609561 T96 2002</subfield>
  </datafield>
  <datafield tag="110" ind1=" " ind2=" ">
    <subfield code="a">T&#xFC;rk Parlamenterler Birli&#x11F;i</subfield>
  </datafield>
  <datafield tag="245" ind1=" " ind2=" ">
    <subfield code="a">T&#xFC;rk Parlamenterler Birli&#x11F;i ve Y&#xFC;ksek Dan&#x131;&#x15F;ma Kurulu &#xE7;al&#x131;&#x15F;ma raporu</subfield>
    <subfield code="b">2000-2002 &#xE7;al&#x131;&#x15F;ma d&#xF6;nemi</subfield>
    <subfield code="c">T&#xFC;rk Parlamenterler Birli&#x11F;i</subfield>
  </datafield>
  <datafield tag="246" ind1=" " ind2=" ">
    <subfield code="a">2000-2002 &#xE7;al&#x131;&#x15F;ma d&#xF6;nemi</subfield>
  </datafield>
  <datafield tag="260" ind1=" " ind2=" ">
    <subfield code="a">Ankara</subfield>
    <subfield code="b">T&#xFC;rk Parlamenterler Birli&#x11F;i</subfield>
    <subfield code="c">2002</subfield>
  </datafield>
  <datafield tag="300" ind1=" " ind2=" ">
    <subfield code="a">207 s.</subfield>
    <subfield code="b">fot&#x11F;. , tbl.</subfield>
    <subfield code="c">23 sm.</subfield>
  </datafield>
  <datafield tag="610" ind1=" " ind2=" ">
    <subfield code="a">Y&#xFC;ksek Dan&#x131;&#x15F;ma Kurulu</subfield>
    <subfield code="x">&#xC7;al&#x131;&#x15F;ma raporlar&#x131; </subfield>
    <subfield code="y">2000-2002</subfield>
  </datafield>
  <datafield tag="610" ind1=" " ind2=" ">
    <subfield code="a">T&#xFC;rk Parlamenterler Birli&#x11F;i</subfield>
    <subfield code="x">&#xC7;al&#x131;&#x15F;ma raporlar&#x131; </subfield>
    <subfield code="y">2000-2002</subfield>
  </datafield>
  <datafield tag="650" ind1=" " ind2=" ">
    <subfield code="a">Yasama s&#xFC;reci</subfield>
    <subfield code="x">&#xD6;rg&#xFC;tler</subfield>
  </datafield>
  <datafield tag="710" ind1=" " ind2=" ">
    <subfield code="a">Y&#xFC;ksek Dan&#x131;&#x15F;ma Kurulu</subfield>
  </datafield>
  <datafield tag="710" ind1=" " ind2=" ">
    <subfield code="a">T&#xFC;rk Parlamenterler Birli&#x11F;i</subfield>
  </datafield>
  <datafield tag="740" ind1=" " ind2=" ">
    <subfield code="a">2000-2002 &#xE7;al&#x131;&#x15F;ma d&#xF6;nemi</subfield>
  </datafield>
  <datafield tag="942" ind1=" " ind2=" ">
    <subfield code="2">ddc</subfield>
    <subfield code="c">BKS</subfield>
  </datafield>
  <datafield tag="952" ind1=" " ind2=" ">
    <subfield code="a">0001</subfield>
    <subfield code="b">0001</subfield>
    <subfield code="d">2017-12-27</subfield>
    <subfield code="e">2</subfield>
    <subfield code="l">0</subfield>
    <subfield code="o">328.0609561 T96 2002</subfield>
    <subfield code="p">017785</subfield>
    <subfield code="r">2017-12-27 00:00:00</subfield>
    <subfield code="v">0.00</subfield>
    <subfield code="w">2017-12-27</subfield>
    <subfield code="y">BKS</subfield>
  </datafield>
  <datafield tag="999" ind1=" " ind2=" ">
    <subfield code="c">10374</subfield>
    <subfield code="d">10374</subfield>
  </datafield>
</record>
